Top 5 Songs On 24K Magic (Bruno Mars) - Statistics

General Stats
  • This quiz has been taken 83 times
  • The average score is 4 of 5
Answer Stats
Hint Answer % Correct
1,219,083,364 24K Magic
99%
1,619,028,950 That's What I Like
85%
206,503,165 Finesse
78%
635,188,766 Versace on the Floor
76%
277,881,033 Chunky
70%
No matching quizzes found
Score Distribution
Percent of People with Each Score
Percentile by Number Answered
Your Score History
You have not taken this quiz